00637cam a22002171a 4500001001100000005001700011008004100028035001600069040000800085046000700093100002400100245006000124260004100184300002100225504003000246600002600276600003100302600003800333650002700371050002100398000000513520140825164224.0820826s1966 tnu 000 0 eng d argt65458844 cPUL aLC10aOgletree, Thomas W.14aThe death of God controversy /cThomas W. Ogletree. --.00aNashville, Tenn. :bAbington,c1966. a127 p. ;c21 cm. aBibliography: p. 123-127.14aAltizer, Thomas J. J.14aHamilton, William,d1924-.14aVan Buren, Paul Matthews,d1924-. 0aDeath of God theology. aBT83.5b.O4 1966